Statistics for Which U.S. States Have Only One Congressional District

Click here to take the quiz!

General Stats

  • This quiz has been taken 274 times
    (83 since last reset)
  • The average score is 6 of 6

Answer Stats

State% Correct
Alaska
100%
Wyoming
100%
North Dakota
94%
South Dakota
93%
Vermont
93%
Delaware
87%

Score Distribution

Percentile by Number Answered

Percent of People with Each Score

Your Score History

You have not taken this quiz since the last reset